00993nam a22002654a 4500001000400000003000800004005001700012008004100029020001800070040000800088041000800096082001800104100001500122245005300137260004000190300001900230500000700249520035000256650002600606650002800632650001500660650002500675655001200700655001500712503BR-IBIA20260129100350.0170815s2016 bl a g 000 f por  a9788580091403 bpor hpor04aB869.3bM433a aMatos, Rui10aAgnus Dei :bno mar de água doce /cRui Matos. aCuiabábCarlini & Caniato,c2016. a287p. :bil. ; a  aNo Pantanal, o ritmo das águas rege a vida e os sentimentos em um oceano adocicado pela paixão. O romance vivenciado na década de 1930, no bucólico arraial de Poconé, fundado em 1777, a 100 quilômetros de Cuiabá, capital de Mato Grosso, é uma grande paixão que se fundiu aos mistérios da maior planície alagada do Planeta.  0aLiteratura Brasileira 0aFicção regionalista 0aVida rural 0aCotidiano pantaneiro aRomance aFicção